| 000 | 00425nam a2200157 i 4500 | ||
|---|---|---|---|
| 001 | 103715 | ||
| 003 | ES-MaACL | ||
| 005 | 20230906183430.0 | ||
| 007 | t| | ||
| 008 | 051117s1970 sp ||||1| spa d | ||
| 100 | 1 |
_aMerton, Thomas. _980619 |
|
| 245 | 1 | 3 |
_aLa oración en la vida religiosa / _cThomas Merton. |
| 260 |
_aBilbao : _bMensajero, _c1970. |
||
| 300 |
_a158 p. ; _c20 cm. |
||
| 852 |
_aES-MaACL _jC-49037 _bR.72954 |
||
| 999 |
_c103715 _d103715 |
||